| 000 | nam a22 a 4500 | ||
|---|---|---|---|
| 999 |
_c2211 _d2211 |
||
| 003 | AKMAL | ||
| 005 | 20170515154520.0 | ||
| 008 | 170515s1997 xxk 00 eng d | ||
| 020 |
_a0749419717: _cGBP 38.50 |
||
| 020 | _a0749427957 | ||
| 040 |
_aAKMAL _cAKMAL |
||
| 082 | 0 | 4 | _a374 ADU |
| 090 | 2 | 0 |
_a374 _bADU |
| 245 |
_aAdult learning : _ba reader / _cPeter Sutherland |
||
| 260 |
_aLondon : _bKogan Page, _c1997 |
||
| 300 |
_axiv, 208p. ; _c24cm |
||
| 650 |
_aAdult education _94646 |
||
| 700 | 1 |
_aSutherland, Peter _94655 |
|
| 942 |
_2ddc _cBOOK |
||